000 00691 a2200229 4500
005 20260406153635.0
008 260406b |||||||| |||| 00| 0 eng d
020 _a9788119312757 (hbk)
037 _cTB
040 _aAL
_cAL
041 _2eng
_aeng
084 _aWx1,1 R5
_qAL
100 _aSingh, M.K.
_9847035
245 _aChanakya: agreat strategist, philosopher, economist and jurist
260 _aDelhi, India:
_bSaddle Publishers,
_c2025.
300 _a248p.
365 _b1299.00
_cINR
650 _aChankya
_91234160
650 _aPhilosopher
942 _cTB
_2CC
_hWx1,1 R5
999 _c1464349
_d1464349